| 000 | 01417nam0a22002771 4500 | ||
|---|---|---|---|
| 001 | rc\4273541 | ||
| 005 | 20130416121258.8 | ||
| 021 |
_aRU _b[58-25220] |
||
| 035 | _a(NLR Aleph) 008490335 | ||
| 090 |
_a8045923 _c8045923 |
||
| 100 | _a20130416d1958 |||y0rusy50 ca | ||
| 101 | 0 | _arus | |
| 102 | _aRU | ||
| 105 | _aa z ||||| | ||
| 200 | 1 |
_aВодосточные коллекторы из сборных железобетонных элементов _eИз опыта Упр. дорож.-мостового строительства Главмосстроя _fАкад. строительства и архитектуры СССР. Науч.-исслед. ин-т организации, механизации и техн. помощи строительству. Бюро техн. информации |
|
| 210 |
_aМосква _cБ. и. _d1958 |
||
| 215 |
_a23 с. _cил. _d22 |
||
| 300 | _aАвт. указан на 2-й с. обл.: инж. С.А. Бурцев | ||
| 606 |
_aВодотоки железобетонные, сборные _2psbo |
||
| 700 | 1 |
_aБурцев _bС. А. |
|
| 712 | 0 | 2 |
_aНаучно-исследовательский ин-т организации, механизации и техн. помощи строительству _cМосква _3RU\NLR\AUTH\886864 |
| 801 | 0 |
_aRU _bNLR _gpsbo |
|
| 801 | 1 |
_aRU _bELAR _2rusmarc |
|
| 852 |
_aNLR _j58-6/3799 |
||
| 942 | _cBOOK | ||
| 980 | _aNB | ||